Main Characters in GTA5 - Statistics

General Stats
  • This quiz has been taken 1,078 times
  • The average score is 6 of 8
Answer Stats
Hint Answer % Correct
the person you turn into when Michael is about to get shot Trevor
96%
robs car in los santos Franklin
95%
the person you start off with in the bank Michael
93%
Franklin's freind Lamar
88%
gets shot dead in front of trevors eyes Brad
80%
Trevor's assistants Ron
78%
Trevor's assistants Wade
67%
Michels freind that he had to save Dave
50%
No matching quizzes found
Score Distribution
Percent of People with Each Score
Percentile by Number Answered
Your Score History
You have not taken this quiz